Business and society : stakeholders, ethics, public policy (Record no. 27891)

MARC details
000 -LEADER
fixed length control field 00498nam a2200193Ia 4500
020 ## - INTERNATIONAL STANDARD BOOK NUMBER
ISBN 0072881305
050 ## - CALL MARK
Classification number HD 60 .L397/
100 ## - STATEMENT OF RESPONSIBILITY--MAIN AUTHOR NAME
Personal name Lawrence, Anne T.
245 #0 - TITLE STATEMENT
Title Business and society : stakeholders, ethics, public policy
250 ## - EDITION / VOLUME STATEMENT
Edition / Volume statement 11th ed.
260 ## - PUBLICATION, DISTRIBUTION, ETC. (IMPRINT)
Place of publication Boston
260 ## - PUBLICATION, DISTRIBUTION, ETC. (IMPRINT)
Name of publisher McGraw-Hill/Irwin
260 ## - PUBLICATION, DISTRIBUTION, ETC. (IMPRINT)
Year of publication c2005
300 ## - PHYSICAL DESCRIPTION
Number of Pages 535 p
650 ## - SUBJECT ADDED ENTRY--TOPICAL TERM
Topical Term Social responsibility of business.
942 ## - ADDED ENTRY ELEMENTS (KOHA)
Koha item type Books
Holdings
Withdrawn status Lost status Source of classification or shelving scheme Damaged status Not for loan Permanent Location Current Location Date acquired Accession Number Price effective from Koha item type
    Library of Congress Classification     NILE UNIVERSITY OF NIGERIA - MAIN LIBRARY NILE UNIVERSITY OF NIGERIA - MAIN LIBRARY 04/23/2025 0010324 04/23/2025 Books